Southville International School and Colleges
Your cart is empty.
  • Cart
  • Lists
    Public lists Eva Luna New books Lux_list list_1
    Your lists Log in to create your own lists
  • Log in to your account
  • Your cookies
  • Search history
Southville International School and Colleges
  • Advanced search
  • Recent comments
  • Most popular
  • Libraries

Log in to your account

Log in with GOOGLE


If you do not have an external account, but do have a local account, you can still log in:

  1. Home
  2. MARC view: Contemporary mathematics /
Normal view MARC view ISBD view

Contemporary mathematics / (Record no. 284023)

[ view plain ]
MARC details
000 -LEADER
fixed length control field 00550nam a22001697a 4500
003 - CONTROL NUMBER IDENTIFIER
control field PILC
005 - DATE AND TIME OF LATEST TRANSACTION
control field 20150519154527.0
008 - FIXED-LENGTH DATA ELEMENTS--GENERAL INFORMATION
fixed length control field 150519b xxu||||| |||| 00| 0 eng d
020 ## - INTERNATIONAL STANDARD BOOK NUMBER
International Standard Book Number 9716857320
050 ## - LIBRARY OF CONGRESS CALL NUMBER
Classification number QA 39.2
Item number .M314 2011
100 ## - MAIN ENTRY--PERSONAL NAME
Personal name Marcelino, Daisy De Borja.
245 ## - TITLE STATEMENT
Title Contemporary mathematics /
Statement of responsibility, etc Daisy De Borja, Shirlee Remoto ; coordinator Gladys C. Nivera.
260 ## - PUBLICATION, DISTRIBUTION, ETC. (IMPRINT)
Place of publication, distribution, etc Quezon City :
Name of publisher, distributor, etc Lorimar Publishing, Inc.,
Date of publication, distribution, etc 2011.
300 ## - PHYSICAL DESCRIPTION
Extent viii, 406 pages :
Other physical details illustrations ;
Dimensions 24 cm.
650 ## - SUBJECT ADDED ENTRY--TOPICAL TERM
Topical term or geographic name as entry element Mathematics.
942 ## - ADDED ENTRY ELEMENTS (KOHA)
Source of classification or shelving scheme Library of Congress Classification
Koha item type Books
Call number prefix Filipininana
Holdings
Withdrawn status Lost status Source of classification or shelving scheme Damaged status Home library Current library Shelving location Date acquired Source of acquisition Total Checkouts Full call number Barcode Date last seen Price effective from Koha item type
    Library of Congress Classification   Archives Archives   05/19/2015 Donation   QA 39.2 .M314 2011 C19332 06/15/2015 05/19/2015 Books

Contemporary mathematics /

APA

Marcelino D. D. B., . (2011). Contemporary mathematics. Quezon City: Lorimar Publishing, Inc.

Chicago

Marcelino Daisy De Borja, . 2011. Contemporary mathematics. Quezon City: Lorimar Publishing, Inc.

Harvard

Marcelino D. D. B., . (2011). Contemporary mathematics. Quezon City: Lorimar Publishing, Inc.

MLA

Marcelino Daisy De Borja, . Contemporary mathematics. Quezon City: Lorimar Publishing, Inc. 2011.

  • Place hold
  • Print
  • Cite
  • Add to your cart (remove)
  • Save record
    BIBTEX Dublin Core MARCXML MARC (non-Unicode/MARC-8) MARC (Unicode/UTF-8) MARC (Unicode/UTF-8, Standard) MODS (XML) RIS
  • More searches
    Search for this title in:
    Other Libraries (WorldCat) Other Databases (Google Scholar) Online Stores (Bookfinder.com) Open Library (openlibrary.org)

Exporting to Dublin Core...

SOUTHVILLE LIBRARY

Southville International School and Colleges Library

1281 Tropical Ave. Cor. Luxembourg St., BF Homes International, Las Pinas City

Tel. No. 8256374 / 252358 Loc. 117/146

Powered by Koha